| 000 | 00601nam a2200217Ia 4500 | ||
|---|---|---|---|
| 003 | GCL | ||
| 008 | 140319s9999 xx 000 0 eng d | ||
| 020 | _a185715097X | ||
| 040 |
_aGCL / _cGCL |
||
| 082 | 0 | 4 |
_a821 _bM C |
| 100 | 1 | _aMILTON, JOHN | |
| 245 | 1 | 0 |
_aTHE COMPLETE ENGLISH POEMS / _cMILTON, JOHN |
| 700 | 1 | _aCAMPBELL, GORDON | |
| 260 |
_aانجلترا : _bEVERYMAN'S LIBRARY ، _c1992 |
||
| 300 |
_a21 CM ؛ _cIXXII,620 P |
||
| 490 |
_aTHE MILLENNIUM LIBRARY _v97 |
||
| 650 | 0 | 4 | _aENGLISH POETRY |
| 650 | 0 | 4 | _aLITERATURE |
| 650 | 0 | 4 | _aENGLISH LITERATURE - COLLECTIONS |
| 942 |
_2ddc _cBK |
||
| 999 |
_c5512 _d5512 |
||